000 00498nam a2200169Ia 4500
005 20250508155901.0
008 008 250505s9999 xx 000 0 eng d
037 _aBooks to be hide in OPAC
040 _aFEDL
_beng
_cFEDL
041 _aeng
_2eng
084 _a370.15, UTT/O
_qFEDL
245 0 _aPapers read at the annual week 1954-53
260 _aAllahabad, India
_bThe Bureau of Psychology
_c1955
300 _a25p.
942 _cHB
_h370.15, UTT/O
999 _c1359840
_d1359840